Die Abtei Echternach 698 - 1998
| Corporate Author: | |
|---|---|
| Contributors: | ; ; ; |
| Format: | Print Book |
| Language: | German English French |
| Subito Delivery Service: | Order now. |
| Check availability: | HBZ Gateway |
| WorldCat: | WorldCat |
| Interlibrary Loan: | Interlibrary Loan for the Fachinformationsdienste (Specialized Information Services in Germany) |
| Published: |
Luxembourg
Centre Luxembourgeois de Documentation et d'Études Médiévales (CLUDEM)
1999
|
| In: |
Publications du CLUDEM (15)
Year: 1999 |
| Volumes / Articles: | Show volumes/articles. |
| Series/Journal: | Publications du CLUDEM
15 |
| Standardized Subjects / Keyword chains: | B
Kloster Echternach
/ History
|
| Further subjects: | B
Collection of essays
B Italy Buildings, structures, etc Congresses B Architecture, Medieval Italy Congresses B Architecture, Renaissance Italy Congresses B Church architecture Italy Congresses B Festschrift B Architecture, Roman Influence Congresses B Italy Antiquities, Roman Congresses |
| Online Access: |
Table of Contents |
| Sammlungen: |
MARC
| LEADER | 00000cam a2200000 c 4500 | ||
|---|---|---|---|
| 001 | 19609495X | ||
| 003 | DE-627 | ||
| 005 | 20260106174127.0 | ||
| 007 | tu | ||
| 008 | 960417s1999 lu ||||| 00| ||ger c | ||
| 020 | |a 2919979124 |9 2-919979-12-4 | ||
| 035 | |a (DE-627)19609495X | ||
| 035 | |a (DE-576)077992806 | ||
| 035 | |a (DE-599)GBV19609495X | ||
| 035 | |a (OCoLC)1531732011 | ||
| 040 | |a DE-627 |b ger |c DE-627 |e rakwb | ||
| 041 | |a ger |a eng |a fre | ||
| 044 | |c XA-LU | ||
| 050 | 0 | |a NA5613 | |
| 082 | 0 | |a 745.67094935 |q OCLC | |
| 084 | |a 45 |2 sdnb | ||
| 084 | |a 24,1 |2 ssgn | ||
| 084 | |a 1 |2 ssgn | ||
| 084 | |a BO 1770 |2 rvk |0 (DE-625)rvk/14028: | ||
| 084 | |a NV 5290 |2 rvk |0 (DE-625)rvk/131873: | ||
| 084 | |a AM 50400 |q DE-24/24sred |2 rvk |0 (DE-625)rvk/4336: | ||
| 084 | |a 06.10 |2 bkl | ||
| 084 | |a 06.11 |2 bkl | ||
| 084 | |a 15.63 |2 bkl | ||
| 245 | 0 | 4 | |a Die Abtei Echternach 698 - 1998 |c hrsg. von Michele Camillo Ferrari, Jean Schroeder und Henri Trauffler |
| 246 | 3 | 0 | |a Festschrift |
| 264 | 1 | |a Luxembourg |b Centre Luxembourgeois de Documentation et d'Études Médiévales (CLUDEM) |c 1999 | |
| 300 | |a 374 S |b Ill., graph. Darst., Kt., Notenbeisp | ||
| 336 | |a Text |b txt |2 rdacontent | ||
| 337 | |a ohne Hilfsmittel zu benutzen |b n |2 rdamedia | ||
| 338 | |a Band |b nc |2 rdacarrier | ||
| 490 | 1 | |a Publications du CLUDEM |v 15 | |
| 500 | |a Mit zahlreichen Abbildungen im Text und auf Tafeln | ||
| 505 | 8 | |a Literaturverz. S. 353 - 354 | |
| 583 | 1 | |a Archivierung/Langzeitarchivierung gewährleistet |f SSG |x XA-DE-BW |2 pdager |5 DE-21 | |
| 601 | |a Echternach | ||
| 653 | 0 | |a Church architecture |a Italy |a Congresses | |
| 653 | 0 | |a Architecture, Medieval |a Italy |a Congresses | |
| 653 | 0 | |a Architecture, Renaissance |a Italy |a Congresses | |
| 653 | 0 | |a Architecture, Roman |a Influence |a Congresses | |
| 653 | 0 | |a Italy |a Antiquities, Roman |a Congresses | |
| 653 | 0 | |a Italy |a Buildings, structures, etc |a Congresses | |
| 655 | 7 | |a Aufsatzsammlung |0 (DE-588)4143413-4 |0 (DE-627)105605727 |0 (DE-576)209726091 |2 gnd-content | |
| 655 | 7 | |a Festschrift |0 (DE-588)4016928-5 |0 (DE-627)104400986 |0 (DE-576)208917802 |2 gnd-content | |
| 689 | 0 | 0 | |d b |0 (DE-588)4197118-8 |0 (DE-627)105198757 |0 (DE-576)210112883 |2 gnd |a Kloster Echternach |
| 689 | 0 | 1 | |q z |2 gnd |a Geschichte |
| 689 | 0 | |5 (DE-627) | |
| 700 | 1 | |8 1\p |0 (DE-588)123721075 |0 (DE-627)082727767 |0 (DE-576)172118247 |4 oth |a Ferrari, Michele C. |d 1964- | |
| 700 | 1 | |8 2\p |0 (DE-588)1173111565 |0 (DE-627)1042192073 |0 (DE-576)515009997 |4 oth |a Schroeder, Jean |d 1947- | |
| 700 | 1 | |a Trauffler, Henri |4 oth | |
| 700 | 1 | |e Hrsg. |0 (DE-588)123721075 |0 (DE-627)082727767 |0 (DE-576)172118247 |4 edt |a Ferrari, Michele C. |d 1964- | |
| 700 | 1 | |0 (DE-588)121555755 |0 (DE-627)081384890 |0 (DE-576)164720162 |4 oth |a Bijsterveld, Arnoud-Jan |d 1962- | |
| 710 | 2 | |0 (DE-588)5290040-X |0 (DE-627)713404108 |0 (DE-576)197057012 |4 oth |a Abbaye |g Echternach | |
| 810 | 2 | |a Centre Luxembourgeois de Documentation et d'Etudes Médiévales |t Publications du CLUDEM |v 15 |9 15 |w (DE-627)534635679 |w (DE-576)031373569 |w (DE-600)2370487-1 |7 am | |
| 856 | 4 | 2 | |u http://media.obvsg.at/AC03090153-1002 |m V:AT-OBV |q text/html |v 20090625000000 |3 Inhaltsverzeichnis |7 1 |
| 883 | |8 1\p |a cgwrk |d 20241001 |q DE-101 |u https://d-nb.info/provenance/plan#cgwrk | ||
| 883 | |8 2\p |a cgwrk |d 20241001 |q DE-101 |u https://d-nb.info/provenance/plan#cgwrk | ||
| 935 | |a mteo |a FBGO | ||
| 935 | |i Blocktest | ||
| 936 | r | v | |a BO 1770 |b Einzelne Klöster |k Theologie und Religionswissenschaften |k Patrologie und Kirchengeschichte |k Kirchengeschichte nach Sachgebieten |k Ordensgeschichte |k Darstellungen: |k Einzelne Klöster |0 (DE-627)1270658832 |0 (DE-625)rvk/14028: |0 (DE-576)200658832 |
| 936 | r | v | |a NV 5290 |b Geschichte einzelner Abteien und Klöster |k Geschichte |k Religions- und Kirchengeschichte |k Geschichte der katholischen Kirche |k Geschichte des Mönchtums und des Klosterwesens |k Geschichte einzelner Abteien und Klöster |0 (DE-627)1270709232 |0 (DE-625)rvk/131873: |0 (DE-576)200709232 |
| 936 | r | v | |a AM 50400 |b Einzelne Schreibschulen |k Allgemeines |k Schrift und Handschriftenkunde. Schriftarten und Schreiben |k Handschriftenkunde |k Handschriftenschreiber |k Einzelne Schreibschulen |0 (DE-627)127066624X |0 (DE-625)rvk/4336: |0 (DE-576)20066624X |
| 936 | b | k | |a 06.10 |j Handschriftenkunde: Allgemeines |0 (DE-627)10640363X |
| 936 | b | k | |a 06.11 |j Abendländische Handschriftenkunde: Allgemeines |0 (DE-627)106403664 |
| 936 | b | k | |a 15.63 |j Belgien |j Niederlande |j Luxemburg |x Geschichte |0 (DE-627)181570866 |
| 951 | |a BO | ||
| ACO | |a 1 | ||
| BIB | |a 1 | ||
| ELC | |b 1 | ||
| ITA | |a 1 |t 1 | ||
| LOK | |0 000 xxxxxcx a22 zn 4500 | ||
| LOK | |0 001 3098321253 | ||
| LOK | |0 003 DE-627 | ||
| LOK | |0 004 19609495X | ||
| LOK | |0 005 20000108000000 | ||
| LOK | |0 008 991215||||||||||||||||ger||||||| | ||
| LOK | |0 040 |a DE-21 |c DE-627 |d DE-21 | ||
| LOK | |0 852 |a DE-21 | ||
| LOK | |0 852 1 |c 39 B 1459 |9 00 | ||
| LOK | |0 935 |a theo | ||
| LOK | |0 936ln |a t3 | ||
| LOK | |0 939 |a 15-12-99 |b l01 | ||
| LOK | |0 000 xxxxxcx a22 zn 4500 | ||
| LOK | |0 001 3098321296 | ||
| LOK | |0 003 DE-627 | ||
| LOK | |0 004 19609495X | ||
| LOK | |0 005 20080122113345 | ||
| LOK | |0 008 050824||||||||||||||||ger||||||| | ||
| LOK | |0 040 |a DE-21-32b |c DE-627 |d DE-21-32b | ||
| LOK | |0 541 |e 99/142 | ||
| LOK | |0 852 |a DE-21-32b | ||
| LOK | |0 852 1 |c Gu 44 |m p |9 00 | ||
| LOK | |0 935 |a k32b |a kneu | ||
| LOK | |0 938 |k p | ||
| LOK | |0 939 |a 24-08-05 |b l01 | ||
| LOK | |0 000 xxxxxcx a22 zn 4500 | ||
| LOK | |0 001 3098322144 | ||
| LOK | |0 003 DE-627 | ||
| LOK | |0 004 19609495X | ||
| LOK | |0 005 20250127143325 | ||
| LOK | |0 008 160404||||||||||||||||ger||||||| | ||
| LOK | |0 040 |a DE-Tue135 |c DE-627 |d DE-Tue135 | ||
| LOK | |0 092 |o n | ||
| LOK | |0 852 |a DE-Tue135 | ||
| LOK | |0 852 1 |c 39 B 1459 |9 00 | ||
| LOK | |0 866 |x SPQUE#Forschungsbibliothek Gotha#SPSAM#Bestand Theologie (bis 2024-03) | ||
| LOK | |0 935 |a ixfs |a ixmi |a FBGO |a goth | ||
| LOK | |0 939 |a 04-04-16 |b l01 | ||
| ORI | |a SA-MARC-ixtheoa001.raw | ||
| REL | |a 1 | ||
| SPR | |a 1 |t BIB |t IXT |t REL | ||
| STA | 0 | 0 | |a History,History,History in art |
| STB | 0 | 0 | |a Histoire,Histoire,Histoire |
| STC | 0 | 0 | |a Historia,Historia,Historia |
| STD | 0 | 0 | |a Storia,Storia |
| STE | 0 | 0 | |a 历史,史 |
| STF | 0 | 0 | |a 歷史,史 |
| STG | 0 | 0 | |a História,História |
| STH | 0 | 0 | |a История (мотив),История |
| STI | 0 | 0 | |a Ιστορία (μοτίβο),Ιστορία |
| SUB | |a BIB |a REL | ||
| SYG | 0 | 0 | |a Abtei Echternach,Abbaye Echternach,Kloster St. Willibrord,St. Willibrordskloster , History,Geschichtliche Epoche,Historical development,Historische Entwicklung,Landesgeschichte,Regionalgeschichte,Ortsgeschichte,Zeitgeschichte |